| 000 | 00645nam a2200229Ia 4500 | ||
|---|---|---|---|
| 001 | 6139 | ||
| 003 | GE_BSU | ||
| 008 | 181216s||||||||xx |||||||||||||| ||und|| | ||
| 040 | _cGE_BSU | ||
| 080 | _a821.353.1-1 | ||
| 100 | _aახობაძე, ამირან | ||
| 245 | _aარც ისე ადრე | ||
| 245 | _bლექსები | ||
| 245 | _cრედ.გრიგოლ ჭულუხიძე | ||
| 260 | _aთბილისი | ||
| 260 | _bმერანი | ||
| 260 | _c1973 | ||
| 300 | _a60გვ;15სმ. | ||
| 653 | _aარც ისე ადრე | ||
| 653 | _aლექსები | ||
| 942 | _cBK | ||
| 999 |
_c39541 _d39541 |
||